|
|
|
|
| LEADER |
01020nam a2200337 4500 |
| 001 |
DLU090097712 |
| 005 |
##20091201 |
| 040 |
# |
# |
|a DLU
|b eng
|
| 041 |
# |
# |
|a eng
|
| 044 |
# |
# |
|a us
|
| 245 |
# |
# |
|a Rotation planar chromatography coupled on-line with atmospheric pressure chemical ionization mass spectrometry /
|c Gary J. Van Berkel ... [et al.].
|
| 653 |
# |
# |
|a Chemical ionization
|
| 653 |
# |
# |
|a Corona effect
|
| 653 |
# |
# |
|a Dyes
|
| 653 |
# |
# |
|a Mass spectrometry
|
| 653 |
# |
# |
|a Nebulizer
|
| 653 |
# |
# |
|a Toluene
|
| 700 |
# |
# |
|a Apadoca, Marilyn F. De.
|
| 700 |
# |
# |
|a Berkel, Gary J. Van.
|
| 700 |
# |
# |
|a Ford, Michael J.
|
| 700 |
# |
# |
|a Llave, Jonathan J.
|
| 773 |
# |
# |
|t Analytical Chemistry
|g Vol. 76, no. 2 (January 2004), p. 479-482
|
| 920 |
# |
# |
|a Phòng Tạp chí -- Trung tâm Thông tin - Thư viện Trường Đại học Đà Lạt
|
| 994 |
# |
# |
|a DLU
|
| 900 |
# |
# |
|a True
|
| 911 |
# |
# |
|a Trương Bảo Trâm Anh
|
| 925 |
# |
# |
|a G
|
| 926 |
# |
# |
|a A
|
| 927 |
# |
# |
|a BB
|
| 980 |
# |
# |
|a Thư viện Trường Đại học Đà Lạt
|